MARC details
| 000 -LEADER |
| fixed length control field |
01275cam a2200325 a 4500 |
| 001 - CONTROL NUMBER |
| control field |
4469515 |
| 003 - CONTROL NUMBER IDENTIFIER |
| control field |
OSt |
| 005 - DATE AND TIME OF LATEST TRANSACTION |
| control field |
20230620115418.0 |
| 008 - FIXED-LENGTH DATA ELEMENTS--GENERAL INFORMATION |
| fixed length control field |
960229s1996 nyu 000 0 eng |
| 010 ## - LIBRARY OF CONGRESS CONTROL NUMBER |
| LC control number |
96007393 |
| 020 ## - INTERNATIONAL STANDARD BOOK NUMBER |
| International Standard Book Number |
0910608504(set) |
| 020 ## - INTERNATIONAL STANDARD BOOK NUMBER |
| International Standard Book Number |
0910608512 (v. 1) |
| 040 ## - CATALOGING SOURCE |
| Original cataloging agency |
DLC |
| Transcribing agency |
DLC |
| Modifying agency |
DLC |
| 050 00 - LIBRARY OF CONGRESS CALL NUMBER |
| Classification number |
Z696 |
| Item number |
.D52 1996 |
| 082 00 - DEWEY DECIMAL CLASSIFICATION NUMBER |
| Classification number |
025.4 |
| Edition number |
20 |
| Item number |
MEL |
| 100 1# - MAIN ENTRY--PERSONAL NAME |
| Personal name |
Dewey, Melvil, |
| Dates associated with a name |
1851-1931. |
| 245 10 - TITLE STATEMENT |
| Title |
Dewey decimal classification and relative index / |
| Statement of responsibility, etc. |
devised by Melvil Dewey. |
| 250 ## - EDITION STATEMENT |
| Edition statement |
Ed. 21 / |
| Remainder of edition statement |
edited by Joan S. Mitchell, Julianne Beall, Winton E. Matthews, Jr., Gregory R. New. |
| 260 ## - PUBLICATION, DISTRIBUTION, ETC. (IMPRINT) |
| Place of publication, distribution, etc. |
Albany, N.Y. : |
| Name of publisher, distributor, etc. |
Forest Press, a division of OCLC Online Computer Library Center, |
| Date of publication, distribution, etc. |
1996. |
| 300 ## - PHYSICAL DESCRIPTION |
| Extent |
4 v. ; |
| Dimensions |
24 cm. |
| 505 0# - FORMATTED CONTENTS NOTE |
| Formatted contents note |
v. 1. Introduction. Tables -- v. 2-3. Schedules -- v. 4. Relative index. Manual. |
| 650 #0 - SUBJECT ADDED ENTRY--TOPICAL TERM |
| Topical term or geographic name as entry element |
Classification, Dewey decimal. |
| 700 1# - ADDED ENTRY--PERSONAL NAME |
| Personal name |
Mitchell, Joan S. |
| 700 1# - ADDED ENTRY--PERSONAL NAME |
| Personal name |
Beall, Julianne, |
| Dates associated with a name |
1946- |
| 700 1# - ADDED ENTRY--PERSONAL NAME |
| Personal name |
Matthews, Winton E. |
| 700 1# - ADDED ENTRY--PERSONAL NAME |
| Personal name |
New, Gregory R. |
| 906 ## - LOCAL DATA ELEMENT F, LDF (RLIN) |
| a |
7 |
| b |
cbc |
| c |
orignew |
| d |
1 |
| e |
ocip |
| f |
19 |
| g |
y-gencatlg |
| 942 ## - ADDED ENTRY ELEMENTS (KOHA) |
| Source of classification or shelving scheme |
Dewey Decimal Classification |
| Koha item type |
Books |